<?xml version="1.0" encoding="UTF-8"?>
<record
    xmlns:xsi="http://www.w3.org/2001/XMLSchema-instance"
    xsi:schemaLocation="http://www.loc.gov/MARC21/slim http://www.loc.gov/standards/marcxml/schema/MARC21slim.xsd"
    xmlns="http://www.loc.gov/MARC21/slim">

  <leader>01156nam a22002777a 4500</leader>
  <controlfield tag="005">20170123164155.0</controlfield>
  <controlfield tag="008">161022b        xxu||||| |||| 00| 0 eng d</controlfield>
  <datafield tag="010" ind1=" " ind2=" ">
    <subfield code="a">A-980960</subfield>
  </datafield>
  <datafield tag="020" ind1=" " ind2=" ">
    <subfield code="c">80.00</subfield>
  </datafield>
  <datafield tag="035" ind1=" " ind2=" ">
    <subfield code="a">A-980960</subfield>
  </datafield>
  <datafield tag="037" ind1=" " ind2=" ">
    <subfield code="b">Cen Lib/Ret</subfield>
  </datafield>
  <datafield tag="040" ind1=" " ind2=" ">
    <subfield code="a">DPL</subfield>
    <subfield code="b">EN</subfield>
  </datafield>
  <datafield tag="082" ind1=" " ind2=" ">
    <subfield code="a">851.08</subfield>
    <subfield code="b">&#xA39;&#xA30;&#xA3F;&#xA15;&#xA3F;</subfield>
  </datafield>
  <datafield tag="100" ind1=" " ind2=" ">
    <subfield code="a">&#xA39;&#xA30;&#xA3F;&#xA15;&#xA3F;&#xA38;&#xA3C;&#xA28; &#xA38;&#xA3F;&#xA70;&#xA18; </subfield>
    <subfield code="9">134113</subfield>
  </datafield>
  <datafield tag="245" ind1=" " ind2=" ">
    <subfield code="a">&#xA30;&#xA24;&#xA28;&#xA3E; &#xA30;&#xA24;&#xA28; &#xA2A;&#xA26;&#xA3E;&#xA30;&#xA25;</subfield>
    <subfield code="c">&#xA39;&#xA30;&#xA3F;&#xA15;&#xA3F;&#xA38;&#xA3C;&#xA28; &#xA38;&#xA3F;&#xA70;&#xA18; </subfield>
  </datafield>
  <datafield tag="246" ind1=" " ind2=" ">
    <subfield code="a">"Ratna rattan padarath" : a spirited commentary on some sedate songs philosophical technings and ecstasy of gurbani /</subfield>
    <subfield code="b">by Harkishen Singh </subfield>
  </datafield>
  <datafield tag="250" ind1=" " ind2=" ">
    <subfield code="a">2nd ed</subfield>
  </datafield>
  <datafield tag="260" ind1=" " ind2=" ">
    <subfield code="a">&#xA26;&#xA3F;&#xA71;&#xA32;&#xA40; </subfield>
    <subfield code="b">&#xA28;&#xA48;&#xA38;&#xA3C;&#xA28;&#xA32;&#xA3C; &#xA2C;&#xA42;&#xA15; &#xA38;&#xA3C;&#xA3E;&#xA2A;</subfield>
    <subfield code="c">1999</subfield>
  </datafield>
  <datafield tag="270" ind1=" " ind2=" ">
    <subfield code="b">&#xA26;&#xA3F;&#xA71;&#xA32;&#xA40; </subfield>
    <subfield code="a">32-&#xA2C;&#xA40; &#xA2A;&#xA32;&#xA71;&#xA08;&#xA05;&#xA30; &#xA17;&#xA3E;&#xA30;&#xA21;&#xA28; &#xA2E;&#xA3E;&#xA30;&#xA15;&#xA3F;&#xA1F;,&#xA1A;&#xA3E;&#xA02;&#xA1A;&#xA28;&#xA40; &#xA1A;&#xA48;&#xA15;</subfield>
  </datafield>
  <datafield tag="300" ind1=" " ind2=" ">
    <subfield code="a">152p.</subfield>
    <subfield code="c">21cm(Hb)</subfield>
  </datafield>
  <datafield tag="650" ind1=" " ind2=" ">
    <subfield code="a">Literature </subfield>
    <subfield code="9">6262</subfield>
  </datafield>
  <datafield tag="650" ind1=" " ind2=" ">
    <subfield code="a">Punjabi literature   </subfield>
    <subfield code="9">134114</subfield>
  </datafield>
  <datafield tag="650" ind1=" " ind2=" ">
    <subfield code="a">&#xA38;&#xA3E;&#xA39;&#xA3F;&#xA24; -- &#xA2A;&#xA41;&#xA28;&#xA3E;&#xA2C;&#xA40; </subfield>
    <subfield code="9">134115</subfield>
  </datafield>
  <datafield tag="650" ind1=" " ind2=" ">
    <subfield code="a">&#xA2A;&#xA70;&#xA1C;&#xA3E;&#xA2C;&#xA40; &#xA38;&#xA3E;&#xA39;&#xA3F;&#xA24; </subfield>
    <subfield code="9">134116</subfield>
  </datafield>
  <datafield tag="942" ind1=" " ind2=" ">
    <subfield code="2">ddc</subfield>
    <subfield code="c">PN</subfield>
    <subfield code="h">851.08</subfield>
    <subfield code="m">&#xA39;&#xA30;&#xA3F;&#xA15;&#xA3F;</subfield>
  </datafield>
  <datafield tag="999" ind1=" " ind2=" ">
    <subfield code="c">110615</subfield>
    <subfield code="d">110615</subfield>
  </datafield>
  <datafield tag="952" ind1=" " ind2=" ">
    <subfield code="0">0</subfield>
    <subfield code="1">0</subfield>
    <subfield code="2">ddc</subfield>
    <subfield code="4">0</subfield>
    <subfield code="7">0</subfield>
    <subfield code="a">L</subfield>
    <subfield code="b">L</subfield>
    <subfield code="d">2016-02-05</subfield>
    <subfield code="e">Cen Lib/Ret</subfield>
    <subfield code="g">80.00</subfield>
    <subfield code="l">0</subfield>
    <subfield code="o">851.08 &#xA39;&#xA30;&#xA3F;&#xA15;&#xA3F;</subfield>
    <subfield code="p">A-980960</subfield>
    <subfield code="r">2016-02-05 00:00:00</subfield>
    <subfield code="t">1</subfield>
    <subfield code="v">80.00</subfield>
    <subfield code="w">2017-01-23</subfield>
    <subfield code="y">PN</subfield>
  </datafield>
</record>
